[Event "It (open)"]
[Site "masterchessopen.com – Cappelle la Grande (France)"]
[Round "6"]
[White "Kuzmin Gennadi P (UKR)"]
[Black "Berthelot Yannick (FRA)"]
[Result "1-0"]
[WhiteElo "2528"]
[BlackElo "2312"]

1.e4 c5 2.Nf3 Nc6 3.d4 cxd4 4.Nxd4 Nf6 5.Nc3 d6 6.Be2 e5 7.Nf3 h6 8.O-O Be7
9.Re1 O-O 10.h3 Be6 11.Bf1 Rc8 12.Nd5 Nb8 13.c4 Nxd5 14.cxd5 Bd7 15.Be3 Qa5
16.a3 a6 17.Qb3 b5 18.Bd3 Qc7 19.Rac1 Qb7 20.a4 Rxc1 21.Rxc1 Bd8 22.Qb4 Bc7
23.a5 Rc8 24.Kh2 Be8 25.Nh4 Bd7 26.g3 Kh7 27.Nf5 Bxf5 28.exf5 Qxd5 29.Be4 Qa2
30.Bb1 Qd5 31.f6+ g6 32.Qh4 {#r} 1-0

[Event "Ch Iceland (team) 1999/00"]
[Site "masterchessopen.com – Iceland"]
[Round "0"]
[White "Hjartarson Johann (ISL)"]
[Black "Ulfarsson Magnus Orn (ISL)"]
[Result "1-0"]
[WhiteElo "2633"]
[BlackElo "2290"]

1.e4 c5 2.Nf3 d6 3.d4 cxd4 4.Nxd4 Nf6 5.Nc3 Nc6 6.Be2 e5 7.Nf3 h6 8.O-O Be7
9.Re1 O-O 10.h3 Be6 11.Bf1 Nb8 12.b3 a6 13.Bb2 Nbd7 14.a4 Qc7 15.Nd2 Qc6
16.Nc4 Nc5 17.Qf3 b5 18.axb5 axb5 19.Rxa8 Rxa8 20.Ne3 b4 21.Ncd5 Qb7 22.Bc4
Ra2 23.Nxf6+ Bxf6 24.Bxe6 fxe6 25.Nc4 d5 26.exd5 exd5 27.Nd6 Qc6 28.Bxe5 Ne4
29.Nxe4 Bxe5 30.Ng5 Bf6 31.Qxd5+ {#r} 1-0

[Event "It (open)"]
[Site "masterchessopen.com – Pardubice (Czech Republic)"]
[Round "1"]
[White "Kundin Alexander (ISR)"]
[Black "Furman Boris (RUS)"]
[Result "1-0"]
[WhiteElo "2444"]
[BlackElo "2261"]

1.e4 c5 2.Nf3 Nc6 3.d4 cxd4 4.Nxd4 Nf6 5.Nc3 d6 6.Be2 e5 7.Nf3 h6 8.O-O Be7
9.b3 O-O 10.Bb2 a6 11.a4 b6 12.Re1 Bb7 13.Bc4 Qc7 14.Nd5 Nxd5 15.Bxd5 Nb4
16.Bxb7 Qxb7 17.Ba3 Nc6 18.Qd5 b5 19.axb5 axb5 20.Nxe5 dxe5 21.Bxe7 Qxe7
22.Rxa8 Rxa8 23.Qxc6 Ra2 24.Rd1 Kh7 25.g3 Qb4 26.h4 h5 27.Kh2 Ra7 28.Kg2 g6
29.Rd8 Qe1 30.Qf6 {#r} 1-0

[Event "It (open)"]
[Site "masterchessopen.com – Passau (Germany)"]
[Round "3"]
[White "Klundt Klaus (GER)"]
[Black "Tietzen Stefan (GER)"]
[Result "1-0"]
[WhiteElo "2362"]
[BlackElo "2158"]

1.e4 c5 2.Nf3 d6 3.d4 cxd4 4.Nxd4 Nf6 5.Nc3 Nc6 6.Be2 e5 7.Nf3 Be7 8.O-O O-O
9.Bg5 Be6 10.Re1 a6 11.a4 Qc7 12.h3 Rfd8 13.Bd3 Na5 14.Nd2 Qc5 15.Nf1 Nc4
16.Bxc4 Bxc4 17.Ne3 Be6 18.Ned5 Bxd5 19.Bxf6 Bxf6 20.Nxd5 Bh4 21.Re3 Kf8
22.Qh5 Bxf2+ 23.Kxf2 Qxc2+ 24.Kg3 h6 25.Rf3 Rd7 26.Qf5 {#r} 1-0

[Event "It (cat.8)"]
[Site "masterchessopen.com – Rovno (Ukraine)"]
[Round "7"]
[White "Labensky Igor (UKR)"]
[Black "Bets Anatolij (MDA)"]
[Result "1-0"]
[WhiteElo "2467"]
[BlackElo "2361"]

1.e4 c5 2.Nf3 d6 3.d4 cxd4 4.Nxd4 Nf6 5.Nc3 Nc6 6.Be2 e5 7.Nf3 h6 8.O-O Be7
9.Re1 O-O 10.h3 Be6 11.Bf1 Nb8 12.a4 Nbd7 13.a5 a6 14.Nd5 Nxd5 15.exd5 Bf5
16.c4 Bh7 17.b4 Bf6 18.Bb2 e4 19.Nd4 Re8 20.Qb3 Ne5 21.c5 dxc5 22.bxc5 Qd7
23.Rac1 Bg5 24.Rcd1 Rac8 25.c6 bxc6 26.dxc6 Nxc6 27.Bxa6 Rb8 28.Nb5 Qe7 29.Qc3
Ne5 30.Nd6 {#r} 1-0

[Event "Ch Ukraine (juniors) (under 14)"]
[Site "masterchessopen.com – Simferopol (Ukraine)"]
[Round "0"]
[White "Aveskulov Valeriy (UKR)"]
[Black "Soldatov Roman (UKR)"]
[Result "1-0"]
[WhiteElo "2327"]
[BlackElo "2222"]

1.e4 c5 2.Nf3 Nc6 3.d4 cxd4 4.Nxd4 Nf6 5.Nc3 d6 6.Be2 e5 7.Nf3 h6 8.O-O Be7
9.Re1 O-O 10.h3 a6 11.Bf1 Be6 12.Nd5 Bxd5 13.exd5 Nb8 14.c4 Nbd7 15.Be3 Rc8
16.b4 Nh7 17.Qb3 Kh8 18.Rac1 Ng5 19.Nxg5 Bxg5 20.c5 Nb8 21.Bxg5 Qxg5 22.Qa4
Qf4 23.c6 Rc7 24.Rc4 Qd2 25.Rd1 Qg5 26.cxb7 Rxb7 27.Rdc1 f5 28.Rc8 Rf7 29.b5
axb5 30.Bxb5 Rd8 31.h4 {#r} 1-0

[Event "Extra League 2000/01"]
[Site "masterchessopen.com – Slovakia"]
[Round "3"]
[White "Hacik Radomir (SVK)"]
[Black "Krak Tomas (SVK)"]
[Result "1-0"]
[WhiteElo "2251"]
[BlackElo "2121"]

1.e4 c5 2.Nf3 Nc6 3.d4 cxd4 4.Nxd4 Nf6 5.Nc3 d6 6.Be2 e5 7.Nf3 h6 8.O-O Be6
9.Re1 Be7 10.Bf1 O-O 11.Nd5 Rc8 12.c4 Bg4 13.h3 Bxf3 14.Nxe7+ Qxe7 15.Qxf3 Nd4
16.Qd1 b5 17.Be3 bxc4 18.Bxd4 exd4 19.Qxd4 Qe5 20.Rad1 Rb8 21.Qxd6 Qxb2
22.Bxc4 Qc2 23.Bb3 Rxb3 24.axb3 Nxe4 25.Qd4 Nc3 26.Rd2 Qxb3 27.Rd3 Rc8 28.Rg3
g6 29.Kh1 Qc2 30.Qd7 Rb8 31.Re8+ Rxe8 32.Qxe8+ Kh7 33.Qxf7+ {#r} 1-0

[Event "Ch Asia"]
[Site "masterchessopen.com – Udaipur (India)"]
[Round "4"]
[White "Thipsay Praveen M (IND)"]
[Black "Rezaei Reza (IRI)"]
[Result "1-0"]
[WhiteElo "2453"]
[BlackElo "2190"]

1.e4 c5 2.Nf3 d6 3.d4 cxd4 4.Nxd4 Nf6 5.Nc3 Nc6 6.Be2 e5 7.Nf3 h6 8.O-O Be7
9.Re1 O-O 10.h3 a6 11.Bf1 b5 12.Nh2 Be6 13.Ng4 Nxg4 14.hxg4 Qd7 15.Be2 Nd4
16.Nd5 Bxd5 17.exd5 f5 18.Bf1 fxg4 19.Be3 Qf5 20.Bd3 Qh5 21.Bxd4 exd4 22.Rxe7
Rxf2 23.Kxf2 Qh4+ 24.Kg1 Rf8 25.Qe1 g3 26.Qe6+ Kh8 27.Qh3 {#r} 1-0

[Event "It (open)"]
[Site "masterchessopen.com – Wijk aan Zee (Netherlands)"]
[Round "2"]
[White "De Mie Mariska (NED)"]
[Black "Bellin Robert (ENG)"]
[Result "0-1"]
[WhiteElo "2159"]
[BlackElo "2369"]

1.e4 c5 2.Nf3 d6 3.d4 Nf6 4.Nc3 cxd4 5.Nxd4 Nc6 6.Be2 e5 7.Nf3 h6 8.O-O Be7
9.b3 O-O 10.Bb2 Be6 11.Re1 Qa5 12.h3 Rfd8 13.Bf1 d5 14.exd5 Bb4 15.Re3 Nxd5
16.Nxd5 Rxd5 17.Qc1 Bc5 18.Re4 Qb6 19.c4 Bxf2+ 20.Kh2 Rd7 21.Nxe5 Nxe5 22.Bxe5
Bf5 23.Re2 Bd3 24.Rb2 f6 25.Bc3 Re8 26.Bxd3 Rxd3 27.Qc2 Bg3+ 28.Kh1 Rde3
29.Qg6 Qe6 30.Bd4 Re1+ {#R} 0-1

[Event "Cup Zemplen"]
[Site "masterchessopen.com – Sarospatak (Hungary)"]
[Date "2000.06.30"]
[Round "3"]
[White "Meszaros Andras (HUN)"]
[Black "Toth Daniel (HUN)"]
[Result "1-0"]
[WhiteElo "2296"]
[BlackElo "2128"]

1.e4 c5 2.Nf3 Nc6 3.Be2 d6 4.d4 cxd4 5.Nxd4 Nf6 6.Nc3 e5 7.Nf3 Be7 8.Bg5 Bg4
9.Bxf6 Bxf6 10.Nd5 O-O 11.O-O Rc8 12.c3 Na5 13.Qd3 Nc4 14.b3 Nb6 15.Ne3 Be6
16.Rfd1 Be7 17.c4 Nd7 18.Rac1 a5 19.Qb1 Qb6 20.a3 Ra8 21.g3 h5 22.h4 Nc5 23.b4
axb4 24.axb4 Nd7 25.Ng5 g6 26.Nxe6 fxe6 27.c5 Qd8 28.Qb3 d5 29.exd5 Bxh4
30.dxe6 Qg5 31.e7+ Rf7 32.Rxd7 Qf6 33.e8=Q+ Rxe8 34.Rxf7 Qxf7 35.Qxf7+ Kxf7
36.gxh4 {#r} 1-0

[Event "Ch Ukraine (team)"]
[Site "masterchessopen.com – Alushta (Ukraine)"]
[Round "4"]
[White "Areshchenko Alexander (UKR)"]
[Black "Kurinoj Dmitrij (UKR)"]
[Result "1-0"]
[WhiteElo "2479"]
[BlackElo "2160"]

1.e4 c5 2.Nf3 d6 3.d4 cxd4 4.Nxd4 Nf6 5.Nc3 Nc6 6.Be2 e5 7.Nf3 h6 8.O-O Be7
9.Re1 O-O 10.Bf1 Bg4 11.Be3 Bh5 12.Bc4 Rc8 13.Bb3 Na5 14.Qe2 Nxb3 15.axb3 d5
16.Nxd5 Nxd5 17.Red1 Rxc2 18.Qxc2 Nxe3 19.fxe3 Qb6 20.Rd3 Qg6 21.Nd2 Bb4
22.Rd5 Qg5 23.Nc4 Rc8 24.Qf2 f6 25.Rxa7 Bf7 26.Rxb7 Bxd5 27.exd5 Ra8 28.h4
Ra1+ 29.Kh2 Qg4 30.Rxb4 g5 31.Rb8+ Kg7 32.Nxe5 Qd1 33.Nf3 Qxd5 34.Qd2 Qc6
35.Qd8 {#r} 1-0

[Event "It (open)"]
[Site "masterchessopen.com – Bad Woerishofen (Germany)"]
[Round "5"]
[White "Glas Stefan (GER)"]
[Black "Bischoff Dieter (GER)"]
[Result "0-1"]
[WhiteElo "2109"]
[BlackElo "2313"]

1.e4 c5 2.Nf3 d6 3.d4 cxd4 4.Nxd4 Nf6 5.Nc3 Nc6 6.Be2 e5 7.Nf3 h6 8.Bc4 Be7
9.Qe2 O-O 10.h3 Na5 11.Nd5 Nxc4 12.Nxe7+ Qxe7 13.Qxc4 Be6 14.Qe2 Qc7 15.c3 Qc6
16.Nd2 d5 17.O-O Nxe4 18.Nxe4 dxe4 19.Qh5 f5 20.b3 Rf6 21.c4 Re8 22.Rd1 Bf7
23.Qe2 f4 24.Ba3 Rg6 25.Re1 Rxg2+ {#R} 0-1

[Event "It (open)"]
[Site "masterchessopen.com – Bizovac (Croatia)"]
[Round "5"]
[White "Zelcic Robert (CRO)"]
[Black "Kozul Zdenko (CRO)"]
[Result "1-0"]
[WhiteElo "2547"]
[BlackElo "2569"]

1.e4 c5 2.Nf3 Nc6 3.d4 cxd4 4.Nxd4 Nf6 5.Nc3 d6 6.Be2 e5 7.Nf3 h6 8.O-O Be7
9.Re1 O-O 10.h3 Be6 11.Bf1 Nb8 12.b3 a6 13.a4 Qc7 14.Bb2 Re8 15.Nd2 Nc6 16.Nc4
Nd4 17.a5 Rad8 18.Ne3 Qc6 19.Ra4 Rc8 20.Ncd5 Bxd5 21.exd5 Nxd5 22.Rc4 Nxe3
23.fxe3 Nxc2 24.Rxc6 Rxc6 25.Bc4 Nxe1 26.Qxe1 Bd8 27.e4 b5 28.Bd5 Rc2 29.Qb1
Rxb2 30.Qxb2 Bxa5 31.Qa2 Bb6+ 32.Kf1 Rc8 33.Qxa6 Rc1+ 34.Ke2 Bc5 35.Qc8+ {#r}
1-0

[Event "Ch Netherlands (open)"]
[Site "masterchessopen.com – Dieren (Netherlands)"]
[Round "4"]
[White "Smeets Jan (NED)"]
[Black "Duijker Rick (NED)"]
[Result "1-0"]
[WhiteElo "2312"]
[BlackElo "2214"]

1.e4 c5 2.Nf3 d6 3.d4 cxd4 4.Nxd4 Nf6 5.Nc3 Nc6 6.Be2 e5 7.Nf3 h6 8.O-O Be7
9.Re1 O-O 10.h3 Be6 11.Bf1 Re8 12.Nd5 Bxd5 13.exd5 Nb8 14.c4 Nbd7 15.a3 Nh7
16.b4 Bg5 17.Bb2 f5 18.c5 Qc7 19.Qc2 dxc5 20.Qxf5 cxb4 21.d6 Qd8 22.axb4 Bf6
23.Bb5 Nhf8 24.Bc4+ Kh8 25.Bf7 {#r} 1-0

[Event "Memorial J.Capablanca (c) (cat.8)"]
[Site "masterchessopen.com – Habana (Cuba)"]
[Round "4"]
[White "Gonzalez Yuri (CUB)"]
[Black "Perez Luis Manuel (CUB)"]
[Result "1-0"]
[WhiteElo "2448"]
[BlackElo "2368"]

1.e4 c5 2.Nf3 d6 3.d4 cxd4 4.Nxd4 Nf6 5.Nc3 Nc6 6.Be2 e5 7.Nf3 h6 8.O-O Be7
9.Re1 O-O 10.h3 Be6 11.Bf1 Qa5 12.Bd2 Qd8 13.Bc1 Qa5 14.a3 Rac8 15.Rb1 a6
16.b4 Qc7 17.Nd5 Bxd5 18.exd5 Na7 19.c4 b5 20.Bb2 bxc4 21.Rc1 Qb7 22.Bxc4 Nb5
23.Qb3 Nc7 24.Rcd1 Bd8 25.Bxe5 dxe5 26.d6 e4 27.Ne5 Na8 28.Bxf7+ Rxf7 29.d7
Rb8 30.Qxf7+ Kh8 31.Ng6+ Kh7 32.Nf8+ {#r} 1-0

[Event "Ch Yugoslavia (team) (w)"]
[Site "masterchessopen.com – Herceg Novi (Montenegro)"]
[Round "6"]
[White "Micic Snezana (SRB)"]
[Black "Dragasevic-G Antonina (SRB)"]
[Result "1-0"]
[WhiteElo "2211"]
[BlackElo "2164"]

1.e4 c5 2.Nf3 Nc6 3.d4 cxd4 4.Nxd4 Nf6 5.Nc3 d6 6.Be2 e5 7.Nf3 h6 8.O-O Be7
9.Re1 Be6 10.Bf1 O-O 11.Nd5 Bg4 12.Nxf6+ Bxf6 13.c3 Rc8 14.Qd3 Qc7 15.h3 Be6
16.b3 Rfd8 17.c4 a5 18.a3 a4 19.b4 Ne7 20.Nd2 b5 21.cxb5 d5 22.Qg3 Bg5 23.exd5
Bf4 24.Qf3 Bxd5 25.Qe2 Qc3 26.Rb1 Nf5 27.Qd3 Nd4 28.Qxc3 Rxc3 29.b6 {#r} 1-0

[Event "Ch Hungary (team) 2000/01"]
[Site "masterchessopen.com – Hungary"]
[Round "10"]
[White "Gara Ticia (HUN)"]
[Black "Grabics Monika (HUN)"]
[Result "1-0"]
[WhiteElo "2348"]
[BlackElo "2303"]

1.e4 c5 2.Nf3 Nc6 3.d4 cxd4 4.Nxd4 Nf6 5.Nc3 d6 6.Be2 e5 7.Nf3 h6 8.O-O Be7
9.Re1 O-O 10.h3 Be6 11.Bf1 Nb8 12.a4 Nbd7 13.a5 Rc8 14.a6 bxa6 15.Rxa6 Qc7
16.Nb5 Qxc2 17.Qxc2 Rxc2 18.Rxa7 Rfc8 19.Ra1 Nxe4 20.Bd3 d5 21.Bxc2 Rxc2
22.Na3 Bxa3 23.bxa3 Nxf2 24.a4 d4 25.a5 f6 26.Nxd4 exd4 27.Rxe6 d3 28.a6 Nc5
29.a7 Nxe6 30.a8=Q+ Kh7 31.Be3 d2 32.Bxd2 Rxd2 33.Rf1 Nd3 34.Qe4+ Kh8 35.Qxe6
{#r} 1-0

[Event "It (open)"]
[Site "masterchessopen.com – Latschach (Austria)"]
[Round "2"]
[White "Zvan Ziga (SLO)"]
[Black "Reichenbacher Gerhard (GER)"]
[Result "1-0"]
[WhiteElo "2139"]
[BlackElo "1840"]

1.e4 c5 2.Nf3 Nc6 3.d4 cxd4 4.Nxd4 Nf6 5.Nc3 d6 6.Be2 e5 7.Nf3 h6 8.O-O Be7
9.h3 O-O 10.Re1 Be6 11.Bf1 Nb8 12.b3 Nbd7 13.a4 Rc8 14.Qd2 Qc7 15.Bb2 Nc5
16.Rac1 Rfd8 17.b4 Na6 18.Nd5 Nxd5 19.exd5 Bf5 20.c4 Qd7 21.a5 Bf6 22.Red1 Qe7
23.c5 Nb8 24.Bb5 Bg5 25.Nxg5 Qxg5 26.c6 Qxd2 27.Rxd2 bxc6 28.dxc6 Rc7 29.Bxe5
Nd7 30.Bxd6 Nf6 31.Bxc7 {#r} 1-0

[Event "Ch World (juniors) (under 12) (g)"]
[Site "masterchessopen.com – Oropesa (Spain)"]
[Round "5"]
[White "Bokuchava Madona (GEO)"]
[Black "Leks Hanna (POL)"]
[Result "0-1"]
[WhiteElo "2064"]
[BlackElo "2202"]

1.e4 c5 2.Nf3 d6 3.d4 cxd4 4.Nxd4 Nf6 5.Nc3 Nc6 6.Be2 e5 7.Nf3 Be7 8.O-O O-O
9.h3 a6 10.a4 h6 11.Bc4 Qc7 12.Qe2 Bd7 13.Be3 Rac8 14.Na2 Be6 15.Rfd1 Na5
16.Bxe6 fxe6 17.Nh4 Rfd8 18.Ng6 Nc4 19.Rab1 Kh7 20.Nxe7 Qxe7 21.Qd3 Qd7 22.f4
{#R} 0-1

[Event "Ch Estonia (team)"]
[Site "masterchessopen.com – Parnu/Tallinn (Estonia)"]
[Round "0"]
[White "Lelumees Brait (EST)"]
[Black "Tsiganova Monika (EST)"]
[Result "0-1"]
[WhiteElo "2104"]
[BlackElo "2261"]

1.e4 c5 2.Nf3 d6 3.d4 cxd4 4.Nxd4 Nf6 5.Nc3 Nc6 6.Be2 e5 7.Nf3 h6 8.O-O Be6
9.Re1 Be7 10.Bf1 O-O 11.b3 Bg4 12.h3 Bxf3 13.Qxf3 Nd4 14.Qd1 Rc8 15.Bc4 a6
16.a4 d5 17.exd5 Bb4 18.Bd2 Qa5 19.Nb1 Bxd2 20.Nxd2 Qc3 21.Ra2 Rfe8 22.Re3 Qa5
23.c3 Nf5 24.Rf3 Nd6 25.b4 Qd8 26.Qf1 e4 27.Re3 Nxc4 28.Nxc4 Qxd5 {#R} 0-1

[Event "Ch Netherlands (open)"]
[Site "masterchessopen.com – Dieren (Netherlands)"]
[Round "6"]
[White "Smeets Jan (NED)"]
[Black "Berkvens Joost (NED)"]
[Result "1-0"]
[WhiteElo "2467"]
[BlackElo "2453"]

1.e4 c5 2.Nf3 d6 3.d4 cxd4 4.Nxd4 Nf6 5.Nc3 Nc6 6.Be2 e5 7.Nf3 h6 8.O-O Be7
9.Re1 O-O 10.h3 Be6 11.Bf1 a6 12.Nd5 Bxd5 13.exd5 Nb8 14.a4 Nbd7 15.a5 Nh7
16.c4 f5 17.b4 Ng5 18.c5 Nxf3+ 19.Qxf3 e4 20.Qb3 Bf6 21.Ra2 dxc5 22.d6+ Kh8
23.bxc5 Qc8 24.Be3 Qc6 25.Qa4 Rfc8 26.Rb1 Rab8 27.f4 exf3 28.Qxc6 Rxc6 29.Rc2
Be5 30.Bd3 g6 31.gxf3 Bf6 32.f4 Rcc8 33.Bf1 Re8 34.Bf2 Re4 35.Bg2 Rxf4 36.Rxb7
{#r} 1-0

[Event "Ch France (team) (2) 2002/03"]
[Site "masterchessopen.com – France"]
[Round "3"]
[White "Tagnon Nicole (FRA)"]
[Black "Serralta Michel (FRA)"]
[Result "1-0"]
[WhiteElo "2039"]
[BlackElo "2049"]

1.e4 c5 2.Nf3 Nc6 3.d4 cxd4 4.Nxd4 Nf6 5.Nc3 d6 6.Be2 e5 7.Nf3 h6 8.O-O Be7
9.Re1 O-O 10.h3 Be6 11.Bf1 a6 12.Nd5 b5 13.c3 Nd7 14.a4 bxa4 15.Qxa4 Ncb8
16.Be3 Re8 17.Red1 Bf8 18.Bc4 Qc8 19.Nd2 Be7 20.Ba2 Bf8 21.Nc4 Bxd5 22.Rxd5
Re6 23.Rd2 Rg6 24.Kh1 Nc6 25.b4 Nd8 26.Bb3 Ne6 27.Nxd6 Qxc3 28.Nxf7 Nb6
29.Bxb6 Qxd2 30.Rd1 Qf4 31.Qc6 Nd4 32.Nxe5+ Nxb3 33.Nxg6 Qf6 34.Qxa8 Qxg6
35.Qd5+ Qf7 {#r} 1-0

[Event "It (open)"]
[Site "masterchessopen.com – Geneva (Switzerland)"]
[Round "6"]
[White "Tournier Pascal (FRA)"]
[Black "Vuilleumier Alex (SUI)"]
[Result "0-1"]
[WhiteElo "2169"]
[BlackElo "2172"]

1.e4 c5 2.Nf3 d6 3.d4 cxd4 4.Nxd4 Nf6 5.Nc3 Nc6 6.Be2 e5 7.Nf3 h6 8.O-O Be7
9.Re1 O-O 10.Bf1 Bg4 11.h3 Bh5 12.g4 Bg6 13.Bc4 Rc8 14.Bb3 Nb8 15.Qd3 Na6
16.Be3 Nc5 17.Bxc5 Rxc5 18.Nh4 Bh7 19.Nf5 Bxf5 20.gxf5 Kh7 21.Qf3 Qd7 22.Kh2
Ne8 23.Nd5 Bg5 24.Rg1 Nc7 25.Rxg5 Nxd5 26.Rxg7+ Kxg7 27.Qg4+ Kh8 28.Qh4 Kh7
29.Bxd5 Qd8 30.f6 Rg8 31.Bxf7 Rg5 32.Be6 Qxf6 33.Bf5+ Rxf5 {#R} 0-1

[Event "Oberliga East B 2001/02"]
[Site "masterchessopen.com – Germany"]
[Round "9"]
[White "Pribe Viktor (GER)"]
[Black "Ballo Emanuel (GER)"]
[Result "0-1"]
[WhiteElo "2096"]
[BlackElo "2224"]

1.e4 c5 2.Nf3 d6 3.d4 cxd4 4.Nxd4 Nf6 5.Nc3 Nc6 6.Be2 e5 7.Nf3 h6 8.h3 Be6
9.Be3 Be7 10.O-O O-O 11.Qd2 Rc8 12.Rad1 a6 13.Nh2 b5 14.a3 Na5 15.Qd3 Qc7
16.Bc1 Rfd8 17.Qf3 Nc4 18.Bxc4 Qxc4 19.Rfe1 d5 20.exd5 Nxd5 21.Nxd5 Bxd5
22.Qg3 Bh4 23.Qg4 Be6 24.Qxc4 Rxc4 25.c3 Rcc8 26.Ng4 f6 27.g3 Bg5 28.f4 exf4
29.Rxd8+ Rxd8 30.gxf4 Bh4 31.Rxe6 Rd1+ 32.Kg2 Rxc1 33.b4 Rc2+ 34.Kf3 f5 35.Ne3
Rf2# 0-1

[Event "Ch India"]
[Site "masterchessopen.com – Nagpur (India)"]
[Round "7"]
[White "Barua Dibyendu (IND)"]
[Black "Ramesh R B (IND)"]
[Result "1-0"]
[WhiteElo "2541"]
[BlackElo "2472"]

1.e4 c5 2.Nf3 Nc6 3.d4 cxd4 4.Nxd4 Nf6 5.Nc3 d6 6.Be2 e5 7.Nf3 h6 8.O-O Be7
9.Re1 O-O 10.h3 a6 11.Bf1 Qc7 12.Nd5 Nxd5 13.exd5 Nb8 14.c4 a5 15.b3 f5 16.a3
Bf6 17.Bb2 g5 18.Rc1 Qc5 19.Bc3 Na6 20.Nd2 Bd7 21.Rb1 b6 22.b4 Qc7 23.Qb3 h5
24.bxa5 bxa5 25.Qb6 Bd8 26.Bxa5 Qxb6 27.Bxb6 Nc5 28.Bxd8 Rfxd8 29.Rb6 Be8
30.Nf3 Rxa3 31.Nxg5 Kg7 32.h4 f4 33.f3 Bg6 34.Rc6 Ra7 35.Rxc5 {#r} 1-0

[Event "Ch Netherlands (juniors) (under 16)"]
[Site "masterchessopen.com – Netherlands"]
[Round "9"]
[White "Michielsen Joost (NED)"]
[Black "Brandenburg Daan (NED)"]
[Result "1-0"]
[WhiteElo "2178"]
[BlackElo "2200"]

1.e4 c5 2.Nf3 d6 3.d4 cxd4 4.Nxd4 Nf6 5.Nc3 Nc6 6.Be2 e5 7.Nf3 h6 8.O-O Be7
9.Re1 O-O 10.h3 Be6 11.Bf1 Nb8 12.a4 Nbd7 13.a5 Re8 14.Nd5 Nxd5 15.exd5 Bf5
16.a6 Qc7 17.axb7 Qxb7 18.Ba6 Qc7 19.c4 Red8 20.Nd4 Bh7 21.Nc6 Re8 22.Be3 Bg5
23.b4 Bxe3 24.Rxe3 Nb8 25.Bb5 Rc8 26.Rea3 Qb6 27.Ne7+ {#r} 1-0

[Event "Ch Netherlands (juniors) (under 20)"]
[Site "masterchessopen.com – Netherlands"]
[Round "6"]
[White "Beekhuis Maarten (NED)"]
[Black "Brokken Dennis (NED)"]
[Result "0-1"]
[WhiteElo "2105"]
[BlackElo "2141"]

1.e4 c5 2.Nf3 Nc6 3.d4 cxd4 4.Nxd4 Nf6 5.Nc3 d6 6.Be2 e5 7.Nf3 h6 8.O-O Be7
9.Be3 O-O 10.Re1 Be6 11.Qd2 a6 12.Rad1 b5 13.a3 Rc8 14.Qc1 Qa5 15.Nd5 Bxd5
16.exd5 Nb8 17.Bf1 Nbd7 18.g3 Nh7 19.g4 Qa4 20.h3 Qxc2 21.Qxc2 Rxc2 22.Bd2
Rxb2 23.Nd4 Rxd2 24.Rxd2 Bg5 25.Rc2 exd4 26.Re4 Ne5 27.f4 Nf6 28.Rxe5 dxe5
29.fxg5 Nxd5 30.Rc5 Rd8 31.Kf2 hxg5 {#R} 0-1

[Event "Ch Hungary (team) 2001/02"]
[Site "masterchessopen.com – Hungary"]
[Date "2002.01.13"]
[Round "5"]
[White "Sikula Vaszilij (UKR)"]
[Black "Balogh Csaba (HUN)"]
[Result "1-0"]
[WhiteElo "2431"]
[BlackElo "2448"]

1.e4 c5 2.Nf3 d6 3.d4 cxd4 4.Nxd4 Nf6 5.Nc3 Nc6 6.Be2 e5 7.Nf3 h6 8.O-O Be7
9.Re1 O-O 10.h3 Be6 11.Bf1 Nb8 12.b3 Nbd7 13.Bb2 a6 14.a4 Qc7 15.Nd2 Rac8
16.Nc4 b6 17.Ne3 Qb7 18.Bc4 b5 19.axb5 axb5 20.Nxb5 Bxc4 21.bxc4 Rxc4 22.Nxd6
Bxd6 23.Nxc4 Bb4 24.c3 Rc8 25.Qb3 Qc7 26.Nxe5 Bc5 27.Qxf7+ Kh8 28.Nxd7 Rf8
29.Qxf8+ Bxf8 30.Nxf8 {#r} 1-0

[Event "Ch Portugal (team)"]
[Site "masterchessopen.com – Portugal"]
[Date "2002.08.12"]
[Round "2"]
[White "Perez Negro Jose M (ESP)"]
[Black "Andrade Leonardo (POR)"]
[Result "0-1"]
[WhiteElo "2071"]
[BlackElo "2248"]

1.e4 c5 2.Nf3 d6 3.d4 cxd4 4.Nxd4 Nf6 5.Nc3 Nc6 6.Be2 e5 7.Nf3 h6 8.O-O Be7
9.Re1 O-O 10.h3 Be6 11.Bf1 Nb8 12.a4 Nbd7 13.a5 a6 14.Nd5 Nxd5 15.exd5 Bf5
16.c4 Rc8 17.b4 Bg6 18.Qb3 Kh8 19.Ba3 Bh5 20.Rac1 f5 21.Be2 Bxf3 22.Qxf3 e4
23.Qb3 Qe8 24.Rc2 Qg6 25.Rd1 f4 26.Bg4 Rc7 27.Bxd7 Rxd7 28.Rf1 f3 29.g3 e3
30.Kh2 Bf6 31.Bb2 e2 32.Rg1 Re7 33.Bc3 Qd3 34.Re1 Bd4 35.Kg1 Bxf2+ {#R} 0-1

[Event "It (open)"]
[Site "masterchessopen.com – Bad Wiessee (Germany)"]
[Date "2002.11.02"]
[Round "8"]
[White "Schmaltz Roland (GER)"]
[Black "Baramidze David (GER)"]
[Result "1-0"]
[WhiteElo "2529"]
[BlackElo "2426"]

1.e4 c5 2.Nf3 d6 3.d4 cxd4 4.Nxd4 Nf6 5.Nc3 Nc6 6.Be2 e5 7.Nf3 h6 8.O-O Be6
9.Re1 Rc8 10.Bf1 a6 11.b3 Qc7 12.Nd5 Bxd5 13.exd5 Ne7 14.c4 Nd7 15.Bb2 Qb6
16.g3 g6 17.Bh3 f5 18.Nh4 Nf6 19.Nxg6 Nxg6 20.Bxf5 Ne7 21.Bxc8 Nxc8 22.c5 Qd8
23.f4 e4 24.Bxf6 Qxf6 25.Rxe4+ Kd8 26.Re6 Qg7 27.c6 bxc6 28.dxc6 h5 29.Rc1 h4
30.c7+ Kd7 31.Qd5 hxg3 32.Re2 {#r} 1-0

[Event "It (cat.8)"]
[Site "masterchessopen.com – Alushta (Ukraine)"]
[Round "0"]
[White "Kononenko Dmitry (UKR)"]
[Black "Kovalev Andrei (BLR)"]
[Result "0-1"]
[WhiteElo "2188"]
[BlackElo "2575"]

1.e4 c5 2.Nf3 Nc6 3.d4 cxd4 4.Nxd4 Nf6 5.Nc3 d6 6.Be2 e5 7.Nf3 h6 8.O-O Be7
9.Re1 O-O 10.h3 Be6 11.Bf1 Qd7 12.Nd5 Bd8 13.c4 Nh7 14.Be3 Ng5 15.Nd2 f5
16.exf5 Bxf5 17.c5 Nd4 18.Nc4 Ngf3+ 19.gxf3 Bc2 20.Qc1 Nxf3+ 21.Kh1 Nxe1
22.Nxd6 Qc6 23.Qd2 Ba5 24.Bg2 Bxd2 25.Ne7+ Kh7 26.Bxc6 Bxe3 27.Bxb7 Bxc5 {#R}
0-1

[Event "Cup Friendship"]
[Site "masterchessopen.com – Baku (Azerbaijan)"]
[Round "9"]
[White "Dovliatov Sanan (AZE)"]
[Black "Moradi Behrooz (IRI)"]
[Result "1-0"]
[WhiteElo "2392"]
[BlackElo "2275"]

1.e4 c5 2.Nf3 Nc6 3.d4 cxd4 4.Nxd4 Nf6 5.Nc3 d6 6.Be2 e5 7.Nf3 Be7 8.Bg5 O-O
9.O-O Be6 10.Qd2 Ne8 11.Be3 g6 12.Bh6 Ng7 13.Nd5 Bxd5 14.Qxd5 Re8 15.Rfd1 Ne6
16.c3 Qc7 17.a4 Rad8 18.Bf1 Bf6 19.g3 Ne7 20.Qa2 Rc8 21.Bh3 Nc6 22.Qd5 Rcd8
23.a5 Ne7 24.Qa2 Nc5 25.Qc4 Qc6 26.Nd2 d5 27.exd5 Qxd5 28.Qxd5 Nxd5 29.Bg2 e4
30.b4 Nxc3 31.bxc5 Nxd1 32.Rxd1 Bc3 33.Be3 Bxa5 34.Kf1 f5 35.Ke2 {#r} 1-0